| 000 -LEADER |
| fixed length control field |
00782cam a2200265 a 4500 |
| 001 - CONTROL NUMBER |
| control field |
126489 |
| 003 - CONTROL NUMBER IDENTIFIER |
| control field |
OSt |
| 005 - DATE AND TIME OF LATEST TRANSACTION |
| control field |
20180921 |
| 008 - FIXED-LENGTH DATA ELEMENTS--GENERAL INFORMATION |
| fixed length control field |
000000 DOM 0000000000 00 |
| 020 ## - NUMERO DE LIBRO INTERNACIONAL NORMALIZADO |
| International Standard Book Number |
[sin ISBN] |
| 040 ## - CATALOGING SOURCE |
| Original cataloging agency |
DLC |
| Transcribing agency |
DLC |
| 100 ## - ASIENTO PRINCIPAL -- NOMBRE PERSONAL |
| Personal name |
Rosenstein, Emilio |
| 245 ## - TÍTULO PROPIAMENTE DICHO: SUBTÍTULO |
| Title |
Diccionarios de especialidades farmacéuticas |
| Statement of responsibility, etc. |
Emilio Rosenstein; direc. cient. Alfonso Martín del Campo; correc. Miguel Barron Solares; direc. téc. Alejandro Bravo Valdéz |
| 250 ## - MENCIÓN DE EDICIÓN |
| Edition statement |
12 |
| 260 ## - PUBLICATION, DISTRIBUTION, ETC. |
| Name of publisher, distributor, etc. |
Centro América Dominicana |
| 300 ## - PHYSICAL DESCRIPTION |
| Extensión |
764 p. |
| 650 ## - ASIENTO SECUNDARIO DE MATERIA -- TERMINO TEMÁTICO |
| Termino Temático Como Elemento de Entrada |
Farmacología |
| 942 ## - ADDED ENTRY ELEMENTS (KOHA) |
| Source of classification or shelving scheme |
|
| Koha item type |
Libros |